00706nam a2200157 a 450000100100000000500170001000800410002704000250006824500630009326001060015630000440026204900090030695201050031595201110042099900170053100003187220200930063239.0110707s19uu dr 000 0 spa d aDO-SdBNPbspacBNPHU00aSociedad pro-arte presenta a Gonzálo Zoriano : pianista. aSantiago de los caballeros, República: Dominicana :bDirección General de Bellas Artes,c[19--?]. a1v. con varias paginaciones : ;c22 cm. aBNPD 0010718PDaPDbPDcCTd2011-07-07iLF1l0o p31872-10r2020-06-25w2020-06-25yLFPDZNo se presta 0010718PDaPDbPDcCTd2011-07-07iLF1l0o p31872-20r2020-06-25te. 2w2020-06-25yLFPDZNo se presta c31364d31364